[Event "Mechanics' Spring TNM; G/2 d5"]
[Site "San Francisco"]
[Date "2018.03.27"]
[Round "2.42"]
[White "Donaldson, Kyle"]
[Black "Otterbach, Renate"]
[Result "1-0"]
[WhiteElo "1518"]
[BlackElo "1082"]
[Annotator "Donaldson"]
[PlyCount "75"]
[EventDate "2018.??.??"]
[Source "ChessBase"]
[SourceDate "2007.09.04"]

1. c4 (1. e4) 1... c5 2. e4 Nc6 3. Nf3 d6 4. Nc3 Nf6 5. d3 (5. d4) 5... e6 6.
Be2 Be7 7. O-O Bd7 8. h3 Qc7 9. Nb5 Qb6 (9... Qb8) 10. b3 a6 11. Nc3 O-O 12.
Be3 Rfd8 13. d4 Qc7 $2 (13... cxd4) 14. d5 $1 exd5 15. exd5 Ne5 16. Nxe5 dxe5
17. Qc2 Bf8 (17... Ne8 {followed by ...Nd6.}) 18. Ne4 $2 ({
White has more space and should not trade pieces.} 18. Bg5 $1) 18... Nxe4 19.
Qxe4 Qd6 $2 (19... f5 $1) 20. f4 $1 Re8 21. f5 b5 22. Bd3 g6 23. g4 (23. f6 Bf5
$4 24. Rxf5) 23... bxc4 24. bxc4 Be7 25. Rf2 Bh4 26. Rf3 gxf5 27. gxf5 Bf6 28.
Bh6 Kh8 29. Kf2 Qe7 30. Rg1 Rab8 $2 {Diagram [#]} (30... Rg8) 31. Bg7+ $1 Bxg7
32. f6 Rb2+ 33. Ke1 Re2+ 34. Kxe2 Bf5 35. Qxf5 e4 36. fxe7 exf3+ 37. Kxf3 Rxe7
38. Qxh7# 1-0

[Event "Mechanics' Spring TNM; G/2 d5"]
[Site "San Francisco"]
[Date "2018.05.01"]
[Round "7.39"]
[White "Donnelly, Patrick"]
[Black "Baer, Michael Alan"]
[Result "1-0"]
[WhiteElo "1634"]
[BlackElo "1385"]
[PlyCount "103"]
[EventDate "2018.??.??"]
[Source "ChessBase"]
[SourceDate "2007.09.04"]

1. e4 g6 2. d4 Bg7 3. Nf3 d6 4. Nc3 Nf6 5. Bc4 O-O 6. Be3 a6 7. Qd2 b5 8. Bd3
Bb7 9. a3 Nbd7 10. O-O e5 11. d5 Ng4 12. Bg5 f6 13. Bh4 g5 14. Bg3 h5 15. h3
Nh6 16. b4 Nf7 17. a4 Bh6 18. Qe2 h4 19. Bh2 bxa4 20. Nxa4 a5 21. bxa5 Rxa5 22.
Rfb1 Qa8 23. Qe1 Rxa4 24. Rxa4 Qxa4 25. Rxb7 Rc8 26. Bb5 Qa8 27. Bc6 Qa6 28.
Rb5 Nc5 29. Rb1 Qc4 30. Nd2 Qxc2 31. Rc1 Qb2 32. Qd1 Qb4 33. Rc4 Qb2 34. Nf1
Rb8 35. f3 Rb3 36. Rc2 Qa3 37. Nd2 Rd3 38. Qb1 Qa7 39. Kh1 Ra3 40. Qd1 Nd3 41.
Bg1 Qa6 42. Nc4 Rb3 43. Ne3 Rb2 44. Rxb2 Nxb2 45. Qb3 Qb6 46. Bb5 Qd4 47. Nc4
Qd1 48. Qxb2 g4 49. fxg4 Bf4 50. Be8 Ng5 51. Qb8 Nxe4 52. Bg6+ 1-0

[Event "Mechanics' Spring TNM; G/2 d5"]
[Site "San Francisco"]
[Date "2018.04.10"]
[Round "4.20"]
[White "Donnelly, Patrick"]
[Black "Jensen, Christian"]
[Result "0-1"]
[WhiteElo "1634"]
[BlackElo "1873"]
[Annotator "Donaldson"]
[PlyCount "54"]
[EventDate "2018.??.??"]
[Source "ChessBase"]
[SourceDate "2007.09.04"]

1. e4 c5 2. Nf3 d6 3. d4 cxd4 4. Nxd4 Nf6 5. Nc3 g6 6. Be3 Bg7 7. f3 O-O 8. Qd2
Nc6 9. O-O-O d5 10. Nxc6 bxc6 11. exd5 cxd5 12. Nxd5 Nxd5 13. Qxd5 Qc7 14. Qxa8
(14. Qc5 {is more commonly played.}) 14... Bf5 15. Qxf8+ Kxf8 16. Rd2 Be6 (
16... h5 {are also played here.}) (16... Qb8) 17. Kb1 ({Alternatives are} 17.
a3 {and}) (17. c4) 17... f5 18. f4 g5 $5 19. fxg5 $4 {Diagram [#]} Qe5 20. Rd8+
Kf7 21. c3 Qxe3 22. Bb5 Bxc3 23. Rhd1 (23. bxc3 Qb6) 23... Qb6 24. a4 a6 25.
bxc3 axb5 26. axb5 Qxb5+ 27. Kc1 f4 0-1

[Event "Mechanics' Spring TNM; G/2 d5"]
[Site "San Francisco"]
[Date "2018.03.27"]
[Round "2.6"]
[White "Donnelly, Patrick"]
[Black "Vickers, Keith"]
[Result "1-0"]
[WhiteElo "1634"]
[BlackElo "2200"]
[PlyCount "39"]
[EventDate "2018.??.??"]
[Source "ChessBase"]
[SourceDate "2007.09.04"]

1. e4 Nc6 2. d4 d5 3. exd5 Qxd5 4. Be3 e5 5. Nf3 e4 6. Nfd2 Bf5 7. Nc3 Qa5 8.
Ndxe4 Bb4 9. Ng3 O-O-O 10. Nxf5 Qxf5 11. Bd3 Qd7 12. a3 Ba5 13. b4 Nxb4 14.
axb4 Bxb4 15. Bd2 Qxd4 16. O-O Bxc3 17. Bxc3 Qc5 (17... Qxc3 18. Bf5+) 18. Bxg7
Ne7 19. Bxh8 Rxh8 20. Qg4+ 1-0

[Event "Mechanics' Spring TNM; G/2 d5"]
[Site "San Francisco"]
[Date "2018.05.08"]
[Round "8.8"]
[White "Donnelly, Patrick"]
[Black "Wonsever, James"]
[Result "0-1"]
[WhiteElo "1634"]
[BlackElo "1825"]
[Annotator "Donaldson"]
[PlyCount "58"]
[EventDate "2018.??.??"]
[Source "ChessBase"]
[SourceDate "2007.09.04"]

1. e4 c5 2. Nf3 e6 3. d4 cxd4 4. Nxd4 Nc6 5. Nc3 Nf6 6. Nxc6 bxc6 7. Bg5 (7. e5
) 7... d6 8. Be2 Be7 9. O-O O-O 10. Kh1 Qc7 11. f4 h6 12. Bh4 Rb8 (12... Nxe4
13. Bxe7 Nxc3 14. Bxd6 Nxd1 15. Bxc7 Ne3 $14) 13. Rb1 Rd8 14. Qe1 e5 15. fxe5
dxe5 16. Qg3 Kh8 17. Bxf6 Bxf6 18. b4 Be6 19. Bd3 Qe7 20. a3 a5 21. Rb2 axb4
22. Rfb1 c5 23. axb4 Rxb4 24. Rxb4 cxb4 25. Nb5 Qc5 26. Qe1 Rxd3 27. cxd3 Qxb5
28. Rxb4 Qxd3 29. h4 Kh7 0-1

[Event "Mechanics' Summer TNM; G/2 d/5"]
[Site "San Francisco"]
[Date "2018.07.17"]
[Round "8.30"]
[White "Doyle, Bryon"]
[Black "Marcus, Joel"]
[Result "1-0"]
[WhiteElo "2151"]
[BlackElo "1905"]
[PlyCount "33"]
[EventDate "2018.??.??"]
[Source "ChessBase"]
[SourceDate "2007.09.04"]

1. e4 d6 2. d4 Nf6 3. Nc3 Nbd7 4. Nf3 e5 5. Bc4 h6 6. dxe5 dxe5 7. O-O c6 8. a3
a5 9. h3 Qc7 10. Re1 Bc5 11. Nh4 O-O 12. Qf3 Kh7 13. Nf5 Ng8 14. Qg3 g5 $2 {
Diagram [#]} 15. Bxg5 $1 f6 16. Bxh6 Nb6 17. Bxf8 1-0

[Event "Mechanics' Shipman TNM; G/2 d/5"]
[Site "San Francisco"]
[Date "2018.09.04"]
[Round "5.19"]
[White "Drane, Robert"]
[Black "Greene, Sam"]
[Result "1-0"]
[WhiteElo "1806"]
[BlackElo "1552"]
[PlyCount "65"]
[EventDate "2018.??.??"]
[Source "ChessBase"]
[SourceDate "2007.09.04"]

1. e4 c6 2. d4 d5 3. Nc3 dxe4 4. Nxe4 Bf5 5. Ng3 Bg6 6. N1e2 Nf6 7. Nf4 e5 8.
Nxg6 hxg6 9. Be3 Nbd7 10. Bc4 Bd6 11. c3 Qe7 12. Qb3 b5 13. Be2 Nd5 14. O-O-O
exd4 15. Bxd4 O-O 16. Rde1 Qh4 17. Bf3 Ne7 18. Ne4 Be5 19. g3 Qh6+ 20. Be3 Qh3
21. Ng5 Qf5 22. h4 Nf6 23. h5 Ned5 24. g4 Nxg4 25. Be4 Qf6 26. hxg6 Ngxe3 27.
Nxf7 Rxf7 28. gxf7+ Qxf7 29. fxe3 Rd8 30. Ref1 Bf6 31. Bxd5 Rxd5 32. e4 Re5 33.
Rh8+ 1-0

[Event "Mechanics' Spring TNM; G/2 d5"]
[Site "San Francisco"]
[Date "2018.04.10"]
[Round "4.29"]
[White "Drane, Robert"]
[Black "Hilliard, Michael"]
[Result "1-0"]
[WhiteElo "1800"]
[BlackElo "1455"]
[Annotator "Donaldson"]
[PlyCount "31"]
[EventDate "2018.??.??"]
[Source "ChessBase"]
[SourceDate "2007.09.04"]

1. e4 c6 2. d4 d5 3. Nc3 dxe4 4. Nxe4 Nd7 5. Bc4 e6 $6 (5... Ngf6) 6. Nf3 Ngf6
7. Neg5 Qe7 (7... h6) 8. O-O g6 $2 (8... h6) 9. Re1 (9. Nxf7 $1 Kxf7 (9... Qxf7
10. Ng5) 10. Ng5+ Kg8 11. Bxe6+ Kg7 12. Re1) 9... Bg7 $2 (9... Nd5) 10. Nxe6
fxe6 11. Rxe6 Qxe6 12. Bxe6 Nb6 13. Bb3 Nbd5 14. Qe2+ Kf7 15. Ng5+ Kg8 16. Qe7
1-0

[Event "Mechanics' Spring TNM; G/2 d5"]
[Site "San Francisco"]
[Date "2018.04.17"]
[Round "5.15"]
[White "Drane, Robert"]
[Black "Jones, James E"]
[Result "0-1"]
[WhiteElo "1800"]
[BlackElo "2020"]
[PlyCount "51"]
[EventDate "2018.??.??"]
[Source "ChessBase"]
[SourceDate "2007.09.04"]

1. e4 d6 2. d4 Nf6 3. Nc3 g6 4. f4 Bg7 5. Nf3 Bg4 6. h3 Bxf3 7. Qxf3 c6 8. Bd3
O-O 9. Be3 Nbd7 10. O-O-O e5 11. dxe5 dxe5 12. f5 Qe7 13. g4 gxf5 14. gxf5 b5
15. Rhg1 Kh8 16. Rg2 (16. Qf2) (16. Kb1) (16. Ne2) 16... Nc5 17. Bxc5 Qxc5 18.
Ne2 Rad8 19. Kb1 a5 20. Qg3 Rg8 21. Qh4 Rd6 22. Rdg1 a4 23. Qf2 Qxf2 24. Rxf2
Bh6 25. Rff1 Be3 26. Rf3 $4 0-1

[Event "Mechanics' Vartan Bedjanian TNM; G/2 d/"]
[Site "San Francisco"]
[Date "2018.11.07"]
[Round "3.21"]
[White "Drane, Robert"]
[Black "Morgan, Jerry"]
[Result "1-0"]
[WhiteElo "1800"]
[BlackElo "1481"]
[PlyCount "69"]
[EventDate "2018.??.??"]
[Source "ChessBase"]
[SourceDate "2007.09.04"]

1. e4 Nf6 2. Nc3 e5 3. Nf3 Nc6 4. Bb5 Nd4 5. Bc4 d6 6. Ng5 Ne6 7. d3 Be7 8. O-O
h6 9. Nf3 Nd4 10. Nxd4 exd4 11. Ne2 c5 12. c3 dxc3 13. Qb3 O-O 14. bxc3 Nd7 15.
d4 Nb6 16. Bd3 Be6 17. Qd1 c4 18. Bc2 Bg4 19. f3 Bd7 20. Ng3 a5 21. f4 Bh4 22.
f5 a4 23. Qg4 Bg5 24. Qh5 f6 25. Bf4 Be8 26. Qg4 a3 27. Ne2 Qe7 28. Qg3 Rd8 29.
d5 Na4 30. Nd4 Bxf4 31. Rxf4 Bd7 32. Bxa4 Bxa4 33. Ne6 Bc2 34. Rg4 Rd7 35.
Rxg7+ 1-0

[Event "Mechanics' Shipman TNM; G/2 d/5"]
[Site "San Francisco"]
[Date "2018.08.07"]
[Round "1.26"]
[White "Drane, Robert"]
[Black "Rushton, Peter"]
[Result "1-0"]
[WhiteElo "1806"]
[BlackElo "1202"]
[PlyCount "77"]
[EventDate "2018.??.??"]
[Source "ChessBase"]
[SourceDate "2007.09.04"]

1. e4 e5 2. Bc4 Nf6 3. d3 Nc6 4. Nc3 Bc5 5. Nf3 d6 6. Bg5 h6 7. Bh4 g5 8. Bg3
Bg4 9. h4 Bxf3 10. gxf3 Nh5 11. Na4 Nf4 12. Nxc5 dxc5 13. Bb5 gxh4 14. Bxc6+
bxc6 15. Bxf4 exf4 16. Qd2 Qg5 17. Ke2 O-O-O 18. Rag1 Qf6 19. b3 Rhg8 20. Qa5
Rxg1 21. Rxg1 h3 22. Qxc5 Kb7 23. Qh5 Qc3 24. Rd1 Qxc2+ 25. Rd2 Qc3 26. Qxh3
Rh8 27. Qf5 h5 28. Qxf4 h4 29. Rd1 Qg7 30. Rh1 h3 31. e5 Qg2 32. Rh2 Qg7 33.
Qg3 Rh7 34. Qxg7 Rxg7 35. Rxh3 Rg6 36. f4 Re6 37. Rh7 f6 38. Rh6 c5 39. Rxf6
1-0

[Event "Mechanics' Shipman TNM; G/2 d/5"]
[Site "San Francisco"]
[Date "2018.09.18"]
[Round "7.20"]
[White "Drane, Robert"]
[Black "Sherwood, Peter"]
[Result "1-0"]
[WhiteElo "1806"]
[BlackElo "1639"]
[PlyCount "49"]
[EventDate "2018.??.??"]
[Source "ChessBase"]
[SourceDate "2007.09.04"]

1. e4 e6 2. d4 d5 3. Nc3 Nf6 4. e5 Nfd7 5. f4 c5 6. Nf3 Nc6 7. Be3 Qb6 8. Qd2
cxd4 9. Nxd4 Nxd4 10. Bxd4 Qd8 11. Qf2 b6 12. Bb5 Be7 13. O-O O-O 14. f5 Bc5
15. Bxd7 Bxd4 16. Qxd4 Bxd7 17. f6 g6 18. Qf4 Kh8 19. Qh6 Rg8 20. Rf3 Qf8 21.
Qg5 Rc8 22. Rh3 Rc4 23. Rf1 Qc5+ 24. Kh1 Qd4 25. Qh6 1-0

[Event "Mechanics' Bedjanian TNM; G/2 d/5"]
[Site "San Francisco"]
[Date "2018.10.23"]
[Round "1.27"]
[White "Drane, Robert"]
[Black "Soffer, Aaron"]
[Result "1-0"]
[WhiteElo "1800"]
[BlackElo "1260"]
[PlyCount "89"]
[EventDate "2018.??.??"]
[Source "ChessBase"]
[SourceDate "2007.09.04"]

1. e4 e5 2. Bc4 Nf6 3. d3 Nc6 4. Nc3 Be7 5. f4 d6 6. Nf3 Nd4 7. fxe5 Nxf3+ 8.
Qxf3 dxe5 9. O-O Bg4 10. Qg3 Qd7 11. Qxe5 O-O-O 12. Be3 b6 13. Qg3 Nh5 14. Qe1
Rhf8 15. a4 a5 16. Qf2 Qd6 17. Nd5 Kb7 18. Bd4 f5 19. e5 Qd7 20. Bxb6 Qc6 21.
Nxe7 Qxb6 22. h3 Qxf2+ 23. Kxf2 Bxh3 24. gxh3 Rfe8 25. Nc6 Ra8 26. Bd5 Kb6 27.
d4 Nf4 28. Bh1 Ne6 29. Ra3 Nd8 30. Rb3+ Ka6 31. Rb5 Nxc6 32. Bxc6 Rab8 33. Bxe8
Rxe8 34. Kg3 Rf8 35. Rf3 g5 36. Rc3 h5 37. Rxc7 f4+ 38. Kf2 g4 39. hxg4 hxg4
40. Rc6+ Ka7 41. Rf6 Rh8 42. Rxf4 Rh2+ 43. Kg1 g3 44. e6 Re2 45. Re5 1-0

[Event "Mechanics' Summer TNM; G/2 d/5"]
[Site "San Francisco"]
[Date "2018.06.19"]
[Round "4.6"]
[White "Drane, Robert Will"]
[Black "Askin, Michael"]
[Result "0-1"]
[WhiteElo "1800"]
[BlackElo "1982"]
[PlyCount "62"]
[EventDate "2018.??.??"]
[Source "ChessBase"]
[SourceDate "2007.09.04"]

1. e4 c6 2. d4 d5 3. Nc3 dxe4 4. Nxe4 Bf5 5. Ng3 Bg6 6. N1e2 Nf6 7. Nf4 e5 8.
Nxg6 hxg6 9. Qe2 Qxd4 10. c3 Qd6 11. Be3 Nbd7 12. Qc4 b5 13. Qe2 Qe6 14. h3 Bd6
15. Qc2 Nc5 16. Be2 Nd5 17. Bd2 e4 18. O-O-O e3 19. Be1 exf2 20. Bxf2 Ne3 21.
Bxe3 Qxe3+ 22. Qd2 Qxd2+ 23. Rxd2 Bxg3 24. Bf3 O-O 25. Kc2 Rac8 26. b4 Ne6 27.
Rhd1 c5 28. a3 cxb4 29. axb4 Rfd8 30. Rxd8+ Rxd8 31. Rxd8+ Nxd8 0-1

[Event "Mechanics' Summer TNM; G/2 d5"]
[Site "San Francisco"]
[Date "2018.07.03"]
[Round "6.11"]
[White "Drane, Robert Will"]
[Black "Gray, William"]
[Result "1/2-1/2"]
[WhiteElo "1800"]
[BlackElo "1989"]
[Annotator "Winslow,Elliott"]
[PlyCount "72"]
[EventDate "2018.??.??"]
[Source "ChessBase"]
[SourceDate "2007.09.04"]

1. e4 c5 2. Nf3 d6 3. Bb5+ Nd7 4. d4 cxd4 (4... Ngf6 5. Nc3 cxd4) 5. Qxd4 e5 6.
Qd3 h6 7. Be3 Ngf6 8. h3 Be7 9. Nc3 O-O 10. Bc4 Qa5 11. Nh4 d5 12. Nf5 {[#]} (
12. exd5 $14) 12... dxc4 (12... Ba3 $1) 13. Nxe7+ Kh7 14. Qxc4 Nb6 15. Bxb6
Qxb6 16. Qb3 Qa6 17. f3 Qd6 18. Nxc8 Raxc8 19. Rd1 Qc5 20. Ke2 Nh5 21. Rhe1 (
21. Kd2 Qf2+ 22. Kc1 $11) 21... Ng3+ (21... Rfd8) 22. Kd2 Qf2+ 23. Kc1 b6 24.
Qd5 f6 25. Qd2 Qc5 26. Qe3 Qc7 27. Qf2 Nh5 28. Nd5 Qc4 29. g4 Nf4 30. Nxf4 exf4
31. Kb1 Rfd8 32. Qf1 $4 Qxc2+ 33. Ka1 Qc5 34. Rc1 Qe5 35. Qe2 Qa5 36. Rxc8 Rxc8
{scramble, drawn soon} 1/2-1/2

[Event "Mechanics' Summer TNM; G/2 d/5"]
[Site "San Francisco"]
[Date "2018.06.12"]
[Round "3.12"]
[White "Drane, Robert Will"]
[Black "Steger, Eric"]
[Result "1-0"]
[WhiteElo "1800"]
[BlackElo "1964"]
[Annotator "Winslow,Elliott"]
[PlyCount "47"]
[EventDate "2018.??.??"]
[Source "ChessBase"]
[SourceDate "2007.09.04"]

1. e4 d5 2. exd5 Qxd5 3. Nf3 Bg4 4. Be2 Nc6 5. d4 O-O-O 6. c4 Qf5 7. Be3 e6 8.
h3 Bxf3 9. Bxf3 Nf6 $2 (9... Bb4+ 10. Nc3 Ne5 11. Be2 c5 $5) 10. O-O (10. Bxc6
$1 bxc6 11. Qa4) 10... Nxd4 11. Bxd4 Bc5 12. Qb3 Bxd4 13. Qxb7+ Kd7 14. Bc6+ (
14. Nd2) 14... Kd6 15. Nc3 Bb6 (15... Rb8 16. Nb5+ Qxb5 17. Qxb5 Rxb5 18. cxb5)
16. Nb5+ Ke7 17. b4 (17. Nxc7) 17... Rb8 18. Qa6 Rhd8 $2 (18... Qf4 19. c5 Qxb4
20. Rac1 Qa5 21. Bb7 Qxa6 22. Bxa6 Ba5 23. Nxa7) 19. c5 Rd2 20. Rad1 Rxd1 21.
Rxd1 Bxc5 22. bxc5 Qxc5 23. Qxa7 (23. Nxa7) 23... Qb6 24. Qa3+ 1-0

[Event "Mechanics' Winter TNM; G/2 d5"]
[Site "San Francisco"]
[Date "2018.02.27"]
[Round "8.41"]
[White "Eastham, Asher"]
[Black "Harris, Clarence"]
[Result "1-0"]
[WhiteElo "1652"]
[BlackElo "1407"]
[PlyCount "91"]
[EventDate "2018.??.??"]
[Source "ChessBase"]
[SourceDate "2007.09.04"]

1. e4 e5 2. Nf3 Nc6 3. Bc4 Nf6 4. d3 Be7 5. O-O O-O 6. h3 d5 7. exd5 Nxd5 8.
Re1 Bf6 9. Nbd2 Bf5 10. Ne4 Bxe4 11. Rxe4 Nb6 12. Bd2 Nxc4 13. Rxc4 Re8 14. Re4
Nd4 15. Bc3 c5 16. Re3 b5 17. a3 a5 18. b3 b4 19. Bb2 Qc7 20. Bxd4 cxd4 21. Re4
Qc3 22. axb4 axb4 23. Rxa8 Rxa8 24. Qe2 Ra1+ 25. Kh2 g6 26. Nxe5 Qc7 27. g3 Ra2
28. Nc4 Ra6 29. Qd2 Qb7 30. Qh6 Qa8 31. Qd2 Qb8 32. Qe2 Qb7 33. Ne5 Ra1 34. Nf3
Qa7 35. Qd2 Qb7 36. Qh6 Ra8 37. Nxd4 Bxd4 38. Rxd4 Re8 39. Qd2 Ra8 40. Qxb4 Qf3
41. Qe1 Kf8 42. Rf4 Qc6 43. Qb4+ Kg8 44. Qc4 Qb7 45. Qe4 Qc8 46. Qe7 1-0

[Event "Mechanics' Winter TNM; G/2 d5"]
[Site "San Francisco"]
[Date "2018.01.30"]
[Round "4.49"]
[White "Eastham, Asher"]
[Black "McCarty-Snead, Tallulah"]
[Result "0-1"]
[WhiteElo "1652"]
[BlackElo "1021"]
[Annotator "Donaldson"]
[PlyCount "120"]
[EventDate "2018.??.??"]
[Source "ChessBase"]
[SourceDate "2007.09.04"]

1. e4 e5 2. Nf3 Nc6 3. Bc4 Nf6 4. d3 Bc5 5. O-O d6 6. Bg5 O-O 7. c3 h6 8. Bh4
Re8 9. Nbd2 Bg4 10. Re1 Rb8 11. Nf1 a6 12. Ng3 b5 13. Bd5 Rb6 14. b4 Bxb4 15.
cxb4 Nd4 16. h3 $2 (16. Nf5 $1 $18) 16... Bxf3 17. gxf3 $2 (17. Bxf6 Qxf6 18.
gxf3 Nxf3+ $11) 17... g5 $1 18. Bxg5 hxg5 19. Bb3 Qd7 20. Kg2 Kg7 21. Ne2 Nxe2
22. Rxe2 Nh5 23. Qh1 Nf4+ 24. Kf1 Nxe2 (24... Rh8) 25. Kxe2 Rh8 26. Qg2 f6 27.
Rh1 Kf8 (27... Rh4) 28. Qg4 Qxg4 29. fxg4 Ke7 30. Kf3 Rbb8 31. Kg3 Rbc8 32. a4
bxa4 33. Bxa4 c5 34. bxc5 dxc5 35. Bb3 Rcd8 36. Bc4 a5 37. Ra1 Ra8 38. Bd5 Ra7
39. Rc1 Rc8 40. h4 gxh4+ 41. Kxh4 a4 42. g5 fxg5+ 43. Kxg5 Kd6 44. Kg4 Rg7+ 45.
Kf3 Rf8+ 46. Ke3 Rg2 47. Rc2 Rh2 48. Re2 Rh3+ 49. Kd2 Rb8 50. Kc1 a3 51. Bc4
Rh1+ 52. Kd2 Rb2+ 53. Ke3 Rxe2+ 54. Kxe2 Rh8 55. Ke3 Kc6 56. Kd2 Rb8 57. Kc1
Rf8 58. Kb1 Rxf2 59. Ka1 Kb6 60. Kb1 Ka5 0-1

[Event "Mechanics' Winter TNM; G/2 d5"]
[Site "San Francisco"]
[Date "2018.01.23"]
[Round "3.39"]
[White "Eastham, Asher"]
[Black "Ross, Max"]
[Result "0-1"]
[WhiteElo "1652"]
[BlackElo "1452"]
[Annotator "Donaldson"]
[PlyCount "30"]
[EventDate "2018.??.??"]
[Source "ChessBase"]
[SourceDate "2007.09.04"]

1. e4 e5 2. Nf3 Nc6 3. Bc4 h6 $2 (3... Nf6) (3... Bc5) (3... Be7) (3... d6) 4.
d4 Nxd4 $2 5. Nxe5 (5. Bxf7+ Kxf7 6. Nxe5+ {was also strong.}) 5... Ne6 {
Diagram [#]} 6. O-O $2 (6. Bxe6 dxe6 (6... fxe6 7. Qh5+) 7. Qxd8+ Kxd8 8. Nxf7+
) 6... d6 7. Nd3 c6 8. Nc3 b5 9. Bb3 Nd4 10. Be3 Nxb3 11. axb3 Ne7 12. e5 d5
13. Bxa7 Ng6 14. Re1 Bf5 15. Nb4 $4 (15. Qf3 $16) 15... Bxb4 0-1

[Event "Mechanics' Winter TNM; G/2 d5"]
[Site "San Francisco"]
[Date "2018.02.13"]
[Round "6.44"]
[White "Eastham, Asher"]
[Black "Van der Wall, John"]
[Result "0-1"]
[WhiteElo "1652"]
[BlackElo "1534"]
[Annotator "Donaldson"]
[PlyCount "108"]
[EventDate "2018.??.??"]
[Source "ChessBase"]
[SourceDate "2007.09.04"]

1. e4 e5 2. Nf3 Nc6 3. Bc4 Nf6 4. d3 Be7 5. O-O O-O 6. c3 Na5 $5 7. Bb3 (7. Bb5
d5) (7. Nxe5 Nxc4 8. Nxc4 d5 9. exd5 b5 10. Ne3 Nxd5 {
with compensation for the pawn similar to that seen in the Marshall Gambit.})
7... Nxb3 8. axb3 d6 9. h3 Be6 10. Be3 c5 11. Nbd2 Ne8 12. d4 cxd4 13. cxd4 f5
14. exf5 exd4 15. Nxd4 Bd7 16. Qc2 Rc8 17. Qd3 a6 18. Rfd1 Bf6 19. N2f3 Nc7 20.
Bf4 d5 21. Bxc7 Qxc7 22. Ne6 Bxe6 23. fxe6 Rcd8 24. Rac1 Qb6 25. Rc2 Qxe6 26.
Rc5 d4 27. Qc4 Qxc4 28. bxc4 d3 29. b3 Bc3 30. Rd5 Rxd5 31. cxd5 d2 32. Nxd2
Rd8 33. Ne4 Ba5 34. d6 Bb4 35. d7 h6 36. Kf1 Kf7 37. Ke2 Ke7 38. Kf3 Rxd7 39.
Rxd7+ Kxd7 40. Kf4 Ke6 41. h4 b5 42. f3 a5 43. Nf2 Be1 44. Nd1 Bxh4 45. Nc3 b4
46. Na4 Bf2 47. Ke4 h5 48. Nb2 Bb6 49. Na4 Bc7 50. Nc5+ Kf6 51. Nd3 Kg5 52. f4+
$2 (52. Nc1) 52... Kg4 53. f5 Kg3 54. Ne1 Kf2 0-1

[Event "Mechanics' Spring TNM; G/2 d5"]
[Site "San Francisco"]
[Date "2018.05.01"]
[Round "7.4"]
[White "Elisman, Maxim Gre"]
[Black "Chambers, Ezra Pau"]
[Result "0-1"]
[WhiteElo "1986"]
[BlackElo "2277"]
[PlyCount "56"]
[EventDate "2018.??.??"]
[Source "ChessBase"]
[SourceDate "2007.09.04"]

1. e4 Nc6 2. Nf3 d6 3. Nc3 Nf6 4. Be2 g6 5. h3 Bg7 6. d4 O-O 7. Be3 e5 8. Qd2
exd4 9. Nxd4 Re8 10. Nxc6 bxc6 11. Bf3 Rb8 12. Rb1 Ba6 13. Bxa7 Rb7 14. Be3 Qb8
15. b3 d5 16. exd5 Nxd5 17. Nxd5 cxd5 18. Kd1 {[#]} d4 19. Bh6 Bxh6 20. Qxh6
Rb6 21. Qd2 d3 22. c3 Bb7 23. Re1 Bxf3+ 24. gxf3 Rxe1+ 25. Qxe1 Re6 26. Qd2 Qa8
27. Qxd3 Rd6 28. Qxd6 Qxf3+ 0-1

[Event "Mechanics' Spring TNM; G/2 d5"]
[Site "San Francisco"]
[Date "2018.04.03"]
[Round "3.1"]
[White "Elisman, Maxim Gre"]
[Black "Diaz, Conrado"]
[Result "0-1"]
[WhiteElo "1986"]
[BlackElo "2338"]
[PlyCount "89"]
[EventDate "2018.??.??"]
[Source "ChessBase"]
[SourceDate "2007.09.04"]

1. e4 e6 2. d4 d5 3. Nd2 dxe4 4. Nxe4 Bd7 5. Nf3 Bc6 6. Bd3 Nd7 7. Qe2 Ngf6 8.
O-O Be7 9. Rd1 O-O 10. a3 Bxe4 11. Bxe4 Nxe4 12. Qxe4 c6 13. c4 Qa5 14. Bf4
Rad8 15. Rd2 Rfe8 16. Rad1 Qa4 17. Qc2 Qa6 18. d5 cxd5 19. cxd5 exd5 20. Rxd5
Rc8 21. Qf5 Nf8 22. h4 Qe6 23. Qd3 Bf6 24. Ng5 Qg4 25. g3 Qe2 26. Rd2 Rc1+ 27.
Kg2 Qe1 28. Rd1 Rxd1 29. Qxd1 Qxd1 30. Rxd1 h6 31. Nf3 Bxb2 32. Rb1 Bxa3 33.
Rxb7 Bc5 34. Ne5 f6 35. Nd3 Bb6 36. Bd6 Ne6 37. Re7 Rxe7 38. Bxe7 Kf7 39. Ba3
h5 40. Kh3 g6 41. g4 hxg4+ 42. Kxg4 f5+ 43. Kh3 Bd4 44. Kg3 a5 45. Nc1 0-1

[Event "Mechanics' Spring TNM; G/2 d5"]
[Site "San Francisco"]
[Date "2018.03.20"]
[Round "1.13"]
[White "Elisman, Maxim Gre"]
[Black "Erdenebileg, Matthew"]
[Result "1-0"]
[WhiteElo "1986"]
[BlackElo "1477"]
[PlyCount "35"]
[EventDate "2018.??.??"]
[Source "ChessBase"]
[SourceDate "2007.09.04"]

1. e4 e5 2. Nf3 Nc6 3. d4 exd4 4. Nxd4 Nxd4 5. Qxd4 d6 6. Nc3 c6 7. Bf4 Nf6 8.
O-O-O d5 9. exd5 cxd5 10. Nb5 Be6 11. Nc7+ Ke7 12. Nxa8 Qxa8 13. Qc5+ Ke8 14.
Bb5+ Bd7 15. Rhe1+ Ne4 16. Rxe4+ dxe4 17. Bxd7+ Kd8 18. Bc7# 1-0

[Event "Mechanics' Spring TNM; G/2 d5"]
[Site "San Francisco"]
[Date "2018.05.08"]
[Round "8.12"]
[White "Elisman, Maxim Gre"]
[Black "Jensen, Christian"]
[Result "1/2-1/2"]
[WhiteElo "1986"]
[BlackElo "1873"]
[PlyCount "57"]
[EventDate "2018.??.??"]
[Source "ChessBase"]
[SourceDate "2007.09.04"]

1. e4 c5 2. Nf3 d6 3. d4 cxd4 4. Nxd4 Nf6 5. Nc3 g6 6. Be2 Bg7 7. O-O Nc6 8.
Nb3 O-O 9. Bg5 h6 10. Be3 Be6 11. f4 Rc8 12. Kh1 a6 13. Qe1 Nb4 14. Rc1 Bc4 15.
Bxc4 Rxc4 16. a3 Nxe4 17. Nxe4 Nxc2 18. Qe2 Nxe3 19. Qxe3 Rxc1 20. Qxc1 Qd7 21.
Nbd2 Rc8 22. Qb1 Qc6 23. b4 f5 24. Qb3+ Kh7 25. Ng3 e5 26. fxe5 dxe5 27. Qf3 e4
28. Qf4 Qd5 29. Ndxe4 1/2-1/2

[Event "Mechanics' Spring TNM; G/2 d5"]
[Site "San Francisco"]
[Date "2018.04.17"]
[Round "5.5"]
[White "Elisman, Maxim Gre"]
[Black "Stearman, Josiah P"]
[Result "1/2-1/2"]
[WhiteElo "1986"]
[BlackElo "2395"]
[PlyCount "117"]
[EventDate "2018.??.??"]
[Source "ChessBase"]
[SourceDate "2007.09.04"]

1. e4 c5 2. Nf3 Nc6 3. Bb5 g6 4. O-O Bg7 5. Re1 Nf6 6. c3 O-O 7. d4 cxd4 8.
cxd4 d5 9. e5 Ne8 10. Nc3 Nc7 11. Bxc6 bxc6 12. Na4 f6 13. h3 Ne6 14. b4 a5 15.
a3 fxe5 16. Nxe5 axb4 17. axb4 Qd6 18. Qd2 Nf4 19. Qc3 Bxe5 20. dxe5 Qb8 21.
Bxf4 Rxf4 22. Qxc6 Qb7 23. Qxb7 Bxb7 24. Nc5 Rxb4 25. Rxa8+ Bxa8 26. Ra1 Bc6
27. Ra6 Bb5 28. Ra8+ Kf7 29. Rd8 Rc4 30. Rxd5 Bc6 31. e6+ Kf6 32. Nd7+ Kxe6 33.
Rc5 Rd4 34. Rxc6+ Kxd7 35. Ra6 Rd6 36. Ra8 Ke6 37. Kh2 Rd3 38. Ra5 Kf6 39. g3
Rb3 40. Kg2 e5 41. Ra7 h5 42. h4 Rd3 43. Rb7 Rd6 44. Kf3 Kf5 45. Rf7+ Ke6 46.
Ra7 Kf6 47. Rb7 Rd3+ 48. Ke4 Rd4+ 49. Kf3 Ra4 50. Rb3 Kf5 51. Rb5 Ra3+ 52. Kg2
Ra2 53. Rc5 Rd2 54. Rc6 e4 55. Rc5+ Ke6 56. Kf1 Ra2 57. Rg5 Kf6 58. Rb5 Ra3 59.
Kg2 1/2-1/2